| 000 | 00508nam a2200217Ia 4500 | ||
|---|---|---|---|
| 003 | IT-RoPAU | ||
| 008 | 120407s9999 xx 000 0 und d | ||
| 040 | _aIT-RoPAU | ||
| 040 | _cIT-RoPAU | ||
| 041 | _afra | ||
| 100 | _aJeanne de Charry | ||
| 245 | _aSainte Madeleine-Sophie, Fondatrice de la Société du Sacré--Coeur de Jésus (1779-1865) | ||
| 250 | _aParis | ||
| 260 | _aCasterman | ||
| 260 | _c1965 | ||
| 300 | _a213 p. | ||
| 300 | _c20 cm | ||
| 490 | _v1 | ||
| 942 | _cBK | ||
| 999 |
_c28907 _d28907 |
||